00825nam a2200217 a 450000100100000000500170001000800410002702000150006804000250008310000260010824500720013426000200020630000250022649000210025150000700027270000430034271000720038583000280045795201050048599900170059000004176120201002035735.0131023s2004 sp 000 0 spa d a8400053885 aDO-SdBNPbspacBNPHU1 aAzuela, Arturo96621814aEl matemático /cArturo Azuela ; prólogo Pedro Laín Entralco. aMadrid :bCSIC. a181 :bil. ;c21 cm.1 aMonografíasv6 aIncluye datos biográficos del autor en la solapa de la cubierta1 aLaín Entralco, Pedroepról.9686102 aConsejo Superior de Investigaciones Científicas (España)915178 0aMonografíasv6915334 001050718MOaGRbGRcCTd2013-10-16iLF1l0o p41761-10r2020-06-25w2020-06-25y1ZNo se presta c41250d41250